Slovensko v EÚ 2019

Salvato in:
Dettagli Bibliografici
Natura: Libro
Lingua:slovacco
inglese
Pubblicazione: Bratislava Štatistický úrad Slovenskej republiky 2019
Soggetti:
Tags: Aggiungi Tag
Nessun Tag, puoi essere il primo ad aggiungerne!!

MARC

LEADER 00000nlm a2200000 4500
001 0257106
005 20251210080059.5
020 |a 978-80-8121-691-6 
020 |a 978-80-8121-692-3 
041 0 |a slo 
041 0 |a eng 
044 |a SK 
245 1 0 |a Slovensko v EÚ 2019 
264 1 |a Bratislava  |b Štatistický úrad Slovenskej republiky  |c 2019 
300 |a 43 s. 
500 |a Zdroj dokumentu: Štatistický úrad SR 
610 2 0 |a Slovensko 
610 2 0 |a ukazovatele demografické 
610 2 0 |a ukazovatele sociálno-ekonomické 
610 2 0 |a makroekonomika 
610 2 0 |a odvetvia činnosti ekonomickej 
610 2 0 |a veda 
610 2 0 |a výskum 
610 2 0 |a prostredie životné